Nonsense in Indian Science / (Record no. 128105)

MARC details
000 -LEADER
fixed length control field 00641nam a22002177a 4500
005 - DATE AND TIME OF LATEST TRANSACTION
control field 20170124110035.0
010 ## - LIBRARY OF CONGRESS CONTROL NUMBER
LC control number A-936299
020 ## - INTERNATIONAL STANDARD BOOK NUMBER
Terms of availability 00.00
035 ## - SYSTEM CONTROL NUMBER
System control number A-936299
037 ## - SOURCE OF ACQUISITION
Source of stock number/acquisition Cen Lib/Ret
040 ## - CATALOGING SOURCE
Original cataloging agency dpl
Language of cataloging EN
082 ## - DEWEY DECIMAL CLASSIFICATION NUMBER
Classification number 887
Item number SAL
100 ## - MAIN ENTRY--PERSONAL NAME
Personal name Salwi, Dilip M.
9 (RLIN) 22419
245 ## - TITLE STATEMENT
Title Nonsense in Indian Science /
Statement of responsibility, etc by Dilip M.Salwi
260 ## - PUBLICATION, DISTRIBUTION, ETC. (IMPRINT)
Name of publisher, distributor, etc Konark Publishers
Date of publication, distribution, etc 1998
Place of publication, distribution, etc Delhi
270 ## - ADDRESS
Address 115A, Main Vikas Marg
City Delhi
Postal code 110092
300 ## - PHYSICAL DESCRIPTION
Extent xvi,124p. :
Dimensions 20cm(Hb)
Other physical details ill.
650 ## - SUBJECT ADDED ENTRY--TOPICAL TERM
Topical term or geographic name as entry element Science -- India -- Anecdotes.
9 (RLIN) 22420
650 ## - SUBJECT ADDED ENTRY--TOPICAL TERM
Topical term or geographic name as entry element Science -- India -- Humor.
9 (RLIN) 22421
942 ## - ADDED ENTRY ELEMENTS (KOHA)
Source of classification or shelving scheme Dewey Decimal Classification
Koha item type English Books
Classification part 887
Call number suffix SAL
Holdings
Withdrawn status Lost status Damaged status Not for loan Home library Current library Date acquired Source of acquisition Cost, normal purchase price Total Checkouts Full call number Barcode Date last seen Copy number Cost, replacement price Price effective from Koha item type Public note
Written off       Central Library Central Library 01/07/2015 Cen Lib/Ret 0.00   887 SAL A-936299 01/07/2015 1 0.00 01/07/2015 English Books W/d List No. 3395/22:Dtd 07/04/21

© Delhi Public Library
Hit Counter
free hit counter